Haji dan umrah mengikut sunnah Rasulullah s.a.w. / (Record no. 1244)
[ view plain ]
| 000 -LEADER | |
|---|---|
| fixed length control field | nam a22 a 4500 |
| 003 - CONTROL NUMBER IDENTIFIER | |
| control field | AKMAL |
| 005 - DATE AND TIME OF LATEST TRANSACTION | |
| control field | 20170508163607.0 |
| 008 - FIXED-LENGTH DATA ELEMENTS--GENERAL INFORMATION | |
| fixed length control field | 170508s1995 my 00 may d |
| 020 ## - INTERNATIONAL STANDARD BOOK NUMBER | |
| International Standard Book Number | 9839118358 (kkt.): |
| Terms of availability | RM 10.90 |
| 040 ## - CATALOGING SOURCE | |
| Original cataloging agency | AKMAL |
| 082 04 - DEWEY DECIMAL CLASSIFICATION NUMBER | |
| Classification number | 297.53 ALB |
| 090 ## - LOCALLY ASSIGNED LC-TYPE CALL NUMBER (OCLC); LOCAL CALL NUMBER (RLIN) | |
| Classification number (OCLC) (R) ; Classification number, CALL (RLIN) (NR) | 297.53 |
| Local cutter number (OCLC) ; Book number/undivided call number, CALL (RLIN) | ALB |
| 100 1# - MAIN ENTRY--PERSONAL NAME | |
| Personal name | Albani, Muhamad Nashiruddin |
| 9 (RLIN) | 2480 |
| 245 10 - TITLE STATEMENT | |
| Title | Haji dan umrah mengikut sunnah Rasulullah s.a.w. / |
| Statement of responsibility, etc. | Muhammad Nashiruddin Al Albani ; diterjemahkan oleh Uthman Mahrus, Endy Muhammad Astiwara |
| 260 ## - PUBLICATION, DISTRIBUTION, ETC. | |
| Place of publication, distribution, etc. | Johor Bahru : |
| Name of publisher, distributor, etc. | Perniagaan Jahabersa, |
| Date of publication, distribution, etc. | 1995 |
| 300 ## - PHYSICAL DESCRIPTION | |
| Extent | iv, 190ms. ; |
| Dimensions | 21cm |
| 500 ## - GENERAL NOTE | |
| General note | Mengandungi ayat-ayat dari Quran |
| 650 ## - SUBJECT ADDED ENTRY--TOPICAL TERM | |
| Topical term or geographic name entry element | Muslim pilgrims and pilgrimages |
| Geographic subdivision | Saudi Arabia |
| -- | Mecca |
| 9 (RLIN) | 2481 |
| 650 ## - SUBJECT ADDED ENTRY--TOPICAL TERM | |
| Topical term or geographic name entry element | Pillars of Islam |
| 9 (RLIN) | 893 |
| 700 0# - ADDED ENTRY--PERSONAL NAME | |
| Personal name | Uthman Mahrus |
| 9 (RLIN) | 2482 |
| 700 0# - ADDED ENTRY--PERSONAL NAME | |
| Personal name | Endy Muhammad Astiwara |
| 9 (RLIN) | 2483 |
| 856 4# - ELECTRONIC LOCATION AND ACCESS | |
| Uniform Resource Identifier | http://www.jahabersa.com.my/ramadhan-dan-haji/haji-dan-umrah-mengikut-sunnah-rasulullah-saw |
| Link text | Kulit Depan & Ringkasan |
| 942 ## - ADDED ENTRY ELEMENTS (KOHA) | |
| Source of classification or shelving scheme | |
| Koha item type | Book |
| Withdrawn status | Lost status | Source of classification or shelving scheme | Damaged status | Not for loan | Collection code | Home library | Current library | Shelving location | Date acquired | Inventory number | Total Checkouts | Full call number | Barcode | Date last seen | Price effective from | Koha item type |
|---|---|---|---|---|---|---|---|---|---|---|---|---|---|---|---|---|
| NON-FICTION | AKMAL Melaka | AKMAL Melaka | PINJAMAN | 08.05.2017 | 000370 | 297.53 ALB | 201702418 | 08.05.2017 | 08.05.2017 | Book |
